Mastering Bitcoin

Saved in:
Bibliographic Details
Main Author: Antonopoulos
Format: Book
Published: shroff
Subjects:
Tags: Add Tag
No Tags, Be the first to tag this record!

MARC

LEADER 00000nam a2200000Ia 4500
005 20260427112711.0
526 |b FinTech 
100 |a Antonopoulos 
020 |a 9789352135745 
650 |a Crypto 
526 |a Masters 
942 |c BK 
245 |a Mastering Bitcoin 
260 |b shroff 
999 |c 83  |d 83 
952 |0 0  |1 0  |4 0  |7 0  |8 3  |a BRISTOL  |b BRISTOL  |d 2026-04-22  |l 0  |p 000088  |r 2026-04-27 11:27:11  |w 2026-04-27  |y BK